000 00567nam a2200205Ia 4500
005 20250923144647.0
008 008 250917s9999 xx 000 0 eng d
037 _aTextual
040 _aDSWL
_beng
_cDSWL
041 _aeng
_2eng
084 _aY:7:7:2wM6, N57
_qDSWL
100 _aVyas, K.C.
_9827105
245 0 _aSocial renaissane in India
_cby K.C. Vyas
260 _aBombay
_bVora & Co. Pub. Ltd.
_c1957
300 _a206p.
365 _aINR
_b8
925 _g8
942 _cTEXL
_hY:7:7:2wM6, N57
999 _c1441742
_d1441742